000 00477nam a2200169 i 4500
001 33851
003 ES-MaACL
005 20230906154831.0
007 t|
008 030203s1970 sp ||||1| cat d
100 1 _aBlade Desumvila, A.
_929079
245 1 4 _aEls treballs i els dies d'un poble de l'Ebre catalá /
_cA. Blade Desumvila.
250 _a2ª ed.
260 _aBarcelona :
_bPáortic,
_c1970.
300 _a169 p. ;
_c18 cm.
852 _aES-MaACL
_jC-47101
_bR.73596
999 _c33851
_d33851